• 首页
  • 本馆介绍
  • 公告通知
  • 最新文献
  • 馆藏检索
  • 电子资源
  • 读者导购
  • 参考咨询
  • 我的图书馆
  • 登录
  • 详细信息显示
  • 放入我的书架
  • 预约/预借图书
  • 作者相关作品
  • 分类相关作品
  • 丛书相关作品
  • 出版社相关作品

书目信息

  • 表格格式
  • 工作单格式
  • 卡片格式
题名:
新文化运动与世界文明
    
 
作者: 李春雨 , 姚佳妤 , 于洋 著
分册:  
出版信息: 合肥   安徽大学出版社  2016
页数: 190页
开本: 24cm
丛书名:
单 册:
中图分类: K261.107 , K103
科图分类:
主题词: 五四运动--wu si yun dong--研究 , 世界史--shi jie shi--文化史--研究
电子资源:
ISBN: 978-7-5664-1134-1
000 01163nam0 22003131 450
001 0120082254
005 20170320082254.0
010    @a978-7-5664-1134-1@dCNY30.00
100    @a20170215d2016 em y0chiy50 ea
101 0  @achi
102    @aCN@b340100
105    @aa z 000yy
106    @ar
200 1  @a新文化运动与世界文明@9xin wen hua yun dong yu shi jie wen ming@f李春雨,姚佳妤,于洋著
210    @a合肥@c安徽大学出版社@d2016
215    @a190页@c图@d24cm
300    @a全国高校出版社主题出版
300    @a新文化运动与百年中国
314    @a李春雨,文学博士,北京语言大学汉语学院教授、博士生导师。出版《出版文化与中国文学的现代转型》等。
330    @a本书叙述了新文化运动与世界文明的密切关系,展现了新文化运动参与者们渴望加速或加强中国与世界文明的交流与融合的态度和开放的心态,体现了他们为建立中国与世界文明密切关系的努力。
606 0  @a五四运动@9wu si yun dong@x研究
606 0  @a世界史@9shi jie shi@x文化史@x研究
690    @aK261.107@v5
690    @aK103@v5
701  0 @a李春雨@9li chun yu@4著
701  0 @a姚佳妤@9yao jia yu@4著
701  0 @a于洋@9yu yang@4著
801  0 @aCN@bTANGWEI@c20170308
905    @b0957510-2@dK261.107@e122@f3
    
    新文化运动与世界文明/李春雨,姚佳妤,于洋著.-合肥:安徽大学出版社,2016
    190页:图;24cm
    全国高校出版社主题出版.-新文化运动与百年中国
    
    ISBN 978-7-5664-1134-1:CNY30.00
    本书叙述了新文化运动与世界文明的密切关系,展现了新文化运动参与者们渴望加速或加强中国与世界文明的交流与融合的态度和开放的心态,体现了他们为建立中国与世界文明密切关系的努力。
●
相关链接 在E读中查询图书 在五车中查询图书 在当当中查询图书 在豆瓣中查询图书


正题名:新文化运动与世界文明     索取号:K261.107/122         预约/预借

序号 登录号 条形码 馆藏地/架位号 状态 备注
1 0957510   209575100   第二样本阅览室/ [索取号:K261.107/122] 在馆    
2 0957511   209575119   密集书库-史法系/ [索取号:K261.107/122] 在馆    
3 0957512   209575128   第二借阅区/ [索取号:K261.107/122] 在馆    
唐山师范学院图书馆 欢迎您!
大连网信软件有限公司© 版权所有